000
00306nam a22001097a 4500
082
_a
669 PHA'R
100
_a
RUDMAN, PETER S,JAFFEC, ROBERT I,STRINGER, JOHN
_9
78013
245
_a
PHASE STABILITY IN METALS AND ALLOYS
260
_a
NEWYORK
_b
MCGRAW HILL
_c
1967
300
_a
594PJAFFEC, ROBERT I
942
_c
BK
999
_c
583174
_d
583174